Detalles MARC
| 000 -LIDER |
| fixed length control field |
00818nam a22002777a 4500 |
| 001 - NÚMERO DE CONTROL |
| Identificador de número de control |
00260 |
| 003 - IDENTIFICACDOR DE NÚMERO DE CONTROL |
| control field |
DO-SdBNP |
| 005 - DATE AND TIME OF LATEST TRANSACTION |
| control field |
20240731101956.0 |
| 008 - ELEMENTOS DE LONGITUD FIJA |
| fixed length control field |
151125b1998 sp ||| 00| 0 spa d |
| 020 ## - ISBN |
| International Standard Book Number |
8495002523 |
| 040 ## - FUENTE DE CATALOGACIÓN |
| Agencia que crea de manera original el registro |
BPMSU |
| Idioma de catalogación |
spa |
| Agencia que realiza la transcripción |
BPMSU |
| 082 #4 - NÚMERO DE CLASIFICACIÓN DECIMAL DE DEWEY |
| Classification number |
808.83 |
| Item number |
F134 1998 |
| Edition number |
22 |
| 245 00 - MENCIÓN DE TITULO |
| Título |
Fábulas / |
| Mención de responsabilidad |
Esopo, Iriarte, La Fontaine y Samaniego |
| 260 ## - PUBLICACIÓN, DISTRIBUCIÓN, ETC. (PIE DE IMPRENTA) |
| Lugar de publicación, distribución, etc |
Madrid : |
| Nombre del editor, distribuidor, etc. |
Edimat Libros, |
| Fecha de publicación, distribución, etc |
1998. |
| 300 ## - DESCRIPCIÓN FÍSICA |
| Extensión |
187 p. ; |
| Dimensiones |
18 cm. |
| 490 1# - MENCIÓN DE SERIES |
| Mención de serie |
Cosmos |
| 650 #4 - ENCABEZAMIENTO DE MATERIA--TEMÁTICO |
| Término temático o nombre geográfico como elemento de entrada |
Animales |
| Subdivisión temática general |
Fábulas |
| 650 #4 - ENCABEZAMIENTO DE MATERIA--TEMÁTICO |
| Término temático o nombre geográfico como elemento de entrada |
Fábulas |
| Subdivisión de forma |
Colecciones |
| 700 1# - ASIENTO SECUNDARIO -- NOMBRE PERSONAL |
| Nombre personal |
Esopo, |
| Fechas asociadas con el nombre |
620-550 a. de C |
| 700 1# - ASIENTO SECUNDARIO -- NOMBRE PERSONAL |
| Nombre personal |
aIriarte, Tomás de, |
| Fechas asociadas con el nombre |
1750-1791. |
| 700 1# - ASIENTO SECUNDARIO -- NOMBRE PERSONAL |
| Nombre personal |
Samaniego, Felix María de, |
| Fechas asociadas con el nombre |
1745-1801. |
| 700 1# - ASIENTO SECUNDARIO -- NOMBRE PERSONAL |
| Nombre personal |
La Fontaine, Jean de, |
| Fechas asociadas con el nombre |
1621-1695. |
| 830 #0 - ASIENTO SECUNDARIO DE SERIE--TÍTULO UNIFORME |
| Título uniforme |
Cosmos |
| 910 ## - VALIDACIÓN |
| Validación |
VMateo V. Control de calidad (BPMSU) |
| 942 ## - ADDED ENTRY ELEMENTS (KOHA) |
| Source of classification or shelving scheme |
Dewey Decimal Classification |
| Koha item type |
Libros |